| 000 | 00961nam a22002537a 4500 | ||
|---|---|---|---|
| 005 | 20170124102940.0 | ||
| 010 | _aB-000727 | ||
| 020 |
_c40.00 _a8170164591 |
||
| 035 | _aB-000727 | ||
| 037 | _bCen Lib/Ret | ||
| 040 |
_aDPL _bHN |
||
| 082 |
_a822 _bजैनरा |
||
| 100 |
_aजैन, राजेश _948048 |
||
| 245 |
_aविष वंश / _cराजेश जैन |
||
| 246 |
_aVish vansh / _bby Rajesh Jain |
||
| 260 |
_aनई दिल्ली _bकिताब घर _c1999 |
||
| 270 |
_bनई दिल्ली _a24, अंसारी रोड, दरियागंज _e110002 |
||
| 300 |
_a63पृ. _c20मी(सजिल्द) |
||
| 650 |
_aहिन्दी साहित्य _948049 |
||
| 650 |
_aहिन्दी साहित्य -- नाटक _946022 |
||
| 650 |
_aHindi literature _948050 |
||
| 650 |
_aHindi literature -- Drama _948051 |
||
| 942 |
_2ddc _cHN _h822 _mजैनरा |
||
| 999 |
_c112526 _d112526 |
||